Statistics for Five Largest Airlines by Continent

Click here to take the quiz!

General Stats

  • This quiz has been taken 352 times
  • The average score is 19 of 30

Answer Stats

HintAnswer% Correct
EuropeInternational Airlines Group
97%
OceaniaQantas
95%
EuropeAir France-KLM
93%
North AmericaAmerican Airlines
92%
EuropeLufthansa
92%
North AmericaUnited Airlines
91%
North AmericaDelta Air Lines
89%
AsiaAir China
87%
OceaniaAir New Zealand
83%
AfricaSouth African Airways
83%
North AmericaSouthwest Airlines
81%
EuropeRyanair
78%
AfricaEgyptAir
75%
AfricaEthiopian Airlines
75%
South AmericaLATAM
74%
AsiaChina Southern Airlines
71%
North AmericaAir Canada
70%
AsiaChina Eastern Airlines
67%
EuropeeasyJet
66%
South AmericaAvianca
61%
OceaniaVirgin Australia
53%
AfricaRoyal Air Maroc
49%
AsiaAir Asia
44%
South AmericaGOL Transportes
41%
South AmericaAerolineas Argentinas
31%
AfricaAir Algerie
25%
AsiaLion Air
21%
OceaniaHawaiian Airlines
16%
OceaniaAir Niugini
11%
South AmericaAzul Brazilian Airlines
6%

Score Distribution

Percentile by Number Answered

Percent of People with Each Score

Your Score History

You have not taken this quiz